Primeros ejercicios musicales.
Uloženo v:
| Hlavní autor: | |
|---|---|
| Další autoři: | |
| Médium: | Kniha |
| Jazyk: | španělština |
| Vydáno: |
Madrid, España:
Ediciones Akal,
2001.
|
| Témata: | |
| Tagy: |
Přidat tag
Žádné tagy, Buďte první, kdo vytvoří štítek k tomuto záznamu!
|
MARC
| LEADER | 00000nam a22000007a 4500 | ||
|---|---|---|---|
| 003 | CL-VaPUC | ||
| 005 | 20250321101919.0 | ||
| 008 | 250114t2001 ||||| |||| 00| 0 spa d | ||
| 999 | |c 446518 |d 446516 | ||
| 020 | |a 84-460-1005-4 | ||
| 040 | |c Pontificia Universidad Católica de Valparaíso | ||
| 082 | |2 22 |a 781.2 TUT 2001 | ||
| 100 | |9 895400 |a Tutt, David |e autor | ||
| 245 | |a Primeros ejercicios musicales. | ||
| 260 | |a Madrid, España: |b Ediciones Akal, |c 2001. | ||
| 300 | |a 96 páginas: |b ilustraciones. | ||
| 500 | |a c.1-2: Instituto Arcos. 08-01-2025 | ||
| 583 | |c 20250114 |k Yessy Sthefany Diaz Vidal | ||
| 650 | 0 | |9 306269 |a Música |x Nociones básicas |x Melodía, ritmo, etc. | |
| 650 | 0 | |9 265760 |a Teoría musical |v Ejercicios | |
| 700 | |9 895401 |a Stanford, Jawara |e traducción | ||
| 942 | |2 ddc |c BK |n 0 | ||
| 952 | |0 0 |1 0 |2 ddc |4 0 |6 781_200000000000000_TUT_2001 |7 0 |8 A |9 599298 |a BIBINC |b BIBINC |d 2025-01-14 |e Instituto Arcos |i 5664260 |l 1 |o 781.2 TUT 2001 |p 5664260 |r 2025-03-24 |s 2025-03-18 |t 1 |w 2025-01-14 |y BK |k IFP | ||
| 952 | |0 0 |1 0 |2 ddc |4 0 |6 781_200000000000000_TUT_2001 |7 0 |8 A |9 599299 |a BIBINC |b BIBINC |d 2025-01-14 |e Instituto Arcos |i 5664261 |o 781.2 TUT 2001 |p 5664261 |r 2025-01-14 |t 2 |w 2025-01-14 |y BK |k IFP | ||